Remembering Partition (Record no. 14275)

MARC details
000 -LEADER
fixed length control field 00567nam a2200229 a 4500
020 ## - INTERNATIONAL STANDARD BOOK NUMBER
ISBN
082 00 - DEWEY DECIMAL CLASSIFICATION NUMBER
Classification number 954.0359
Author Cutter PAN
100 ## - MAIN ENTRY--AUTHOR NAME
Author name Pandey, Gyanender
245 ## - TITLE STATEMENT
Title Remembering Partition
260 ## - PUBLICATION, DISTRIBUTION, ETC. (IMPRINT)
Place of publication New Delhi
Name of publisher Cambridge University Press
Year of publication 2001
300 ## - PHYSICAL DESCRIPTION
Number of Pages 218p
500 ## - GENERAL NOTE
General note includes index and biblioraphy
650 ## - SUBJECT ADDED ENTRY--TOPICAL TERM
Topical Term India-Partition
942 ## - ADDED ENTRY ELEMENTS (KOHA)
Koha item type Books
700 1# -
-- Pandey, Gyanender
Holdings
Collection code Home library Current library Date acquired Cost, normal purchase price Full call number Accession Number Koha item type
  Henry Martyn Institute Library Henry Martyn Institute Library 01/09/2014 250.00 954.0359 PAN 021678 Books
                   Copyright © 2026 | Henry Martyn Institute | Hyderabad | TS-500052 | INDIA | Implemented by hmi.edu.in
Hit-Count:

Powered by Koha